France 2026 FIFA World Cup Squad - Statistics

General Stats
  • This quiz has been taken 174 times
  • The average score is 19 of 27
Answer Stats
# Position Player % Correct
10 FW © Kylian Mbappé
98%
GK Mike Maignan
93%
FW Ousmane Dembélé
92%
FW Désiré Doué
88%
Manager Didier Deschamps
86%
MF Aurélien Tchouaméni
85%
DF Lucas Hernandez
85%
DF Théo Hernandez
84%
DF Dayot Upamecano
83%
MF N'Golo Kanté
82%
DF William Saliba
82%
MF Adrien Rabiot
81%
FW Michael Olise
80%
FW Bradley Barcola
78%
DF Jules Koundé
78%
DF Ibrahima Konaté
77%
FW Rayan Cherki
69%
FW Marcus Thuram
65%
MF Warren Zaïre-Emery
62%
GK Brice Samba
57%
FW Jean-Philippe Mateta
54%
DF Lucas Digne
54%
MF Manu Koné
44%
DF Malo Gusto
42%
FW Maghnes Akliouche
37%
DF Maxence Lacroix
34%
GK Robin Risser
31%
No matching quizzes found
Score Distribution
Percent of People with Each Score
Percentile by Number Answered
Your Score History
You have not taken this quiz